Geography Quiz

Random Geography or World Quiz

'G' in Europe Quiz Stats

 Plays Quiz Updated Apr 19, 2016

Score 0/16 Timer 05:00
12 Plays Today
Hint Answer % Correct
The philosophers Nietzsche and Marx both hailed from what modern country?Germany
94.9%
Which city is the largest in Scotland and third largest in the UK?Glasgow
91.2%
Which city in Switzerland is host to the highest number of international organizations in the world?Geneva
91.1%
Which British Overseas Territory can be found on the southern tip of the Iberian Peninsula?Gibraltar
82.4%
Which country includes approximately 2,000 islands, nearly 200 of which are inhabited?Greece
81.1%
Which port and medieval city-state is the capital of the northwest Italian region of Liguria?Genoa
69%
Which city on the Baltic Sea is Poland's principal seaport?Gdańsk
62.6%
Julius Caesar conquered nearly all of which region beginning 58 BC?Gaul
59%
Hint Answer % Correct
What is the second largest city in Sweden?Gothenburg
54.6%
Which city is the capital and largest city of the East Flanders province of Belgium?Ghent
49.6%
In which Spanish city, belonging to the Andalusian region, would you find the Alhambra Palace?Granada
46.3%
Which Turkish peninsula was the battleground of a failed Allied campaign of 1915?Gallipoli
43.6%
Which commune near Milan, Italy gives its name to a type of blue veined strong cheese?Gorgonzola
43.3%
Which capital city of the French department of Isère is known as the 'Capital of the Alps'? Grenoble
38.7%
Which capital of the federal state of Styria is the second largest city in Austria?Graz
35%
Santiago de Compostela is the capital of which northwest autonomous community of Spain?Galicia
31.6%

You're not logged in!

Compare scores with friends on all Sporcle quizzes.
OR
Log In

Sporcle TV

Today on Sporcle TV


Watch our educational content, quiz creation guides, and fun videos on Sporcle TV.

Show Comments

Extras

Top Quizzes Today


Score Distribution

Your Account Isn't Verified!

In order to create a playlist on Sporcle, you need to verify the email address you used during registration. Go to your Sporcle Settings to finish the process.

Report this User

Report this user for behavior that violates our Community Guidelines.

Details: